000 01080nam a22002297a 4500
999 _c3921
_d3921
003 AR-CdUCM
008 190307b ||||| |||| 00| 0 spa d
040 _aMUNICIPALIDAD PROVINCIAL DEL CUSCO
_cBIBLIOTECA MUNICIPAL DEL CUSCO
082 _a343.62 /
_bR35
245 _aRegionalización /
260 _aCusco :
_bCentro Bartolomé de Las Casas,
_c1987.
300 _aixx, 96 páginas ;
_bilustración, mapas,
_c21 cm.
440 _aCuaderno de Capacitación Campesina
_n33
_912564
505 _aContenido: Plan nacional de regionalización Ley No. 23878 -- Ley de bases de la regionalización Ley No. 24650 -- Disposiciones constitucionales relativas al proceso de descentralización -- Propuesta de delimitación regional.
650 _aPlan nacional de regionalización
_912565
650 _aLey de bases de la regionalización
_912566
650 _aCentralismo y descentralización
_912567
650 _aDescentralización administrativa
_912568
710 _aCentro de Estudios Rurales Andinos Bartolomé de Las Casas (Cusco)
_95258
942 _2ddc
_cLIBROS
945 _araen